Pays de l'Empire Espagnol - Statistiques

Statistiques générales
  • Ce quiz a été pris 9 686 fois
  • Le résultat moyen est 23 sur 33
Statistiques - réponses
Années Pays % Correct
1553-1816 Argentine
93%
1519-1821 Mexique
93%
1541-1818 Chili
91%
1525-1810 Colombie
91%
1535-1821 Perou
89%
1527-1811 Venezuela
88%
1724-1811 Uruguay
86%
1548-1825 Bolivie
85%
1537-1811 Paraguay
85%
1511-1898 Cuba
84%
1510-1821 Panama
84%
1524-1821 Costa Rica
81%
1534-1822 Equateur
81%
1536-1821 Honduras
81%
1508-1898 Etats-Unis
80%
1524-1821 Guatemala
80%
1884-1975 Maroc
80%
1524-1821 Nicaragua
79%
- Espagne
77%
1525-1821 Salvador
76%
1556-1674 France
75%
1498-1795 République Dominicaine
70%
1556-1759 Italie
64%
1498-1625 Haiti
62%
1509-1655 Jamaique
57%
1565-1898 Philippines
47%
1592-1797 Trinité et Tobago
46%
1556-1714 Belgique
43%
1556-1581 Pays-Bas
43%
1778-1968 Guinée Equatoriale
33%
1556-1714 Luxembourg
26%
1565-1899 Micronésie
13%
1574-1899 Palaos
13%
Aucun quiz correspondant
Distribution des résultats
% des personnes avec chaque résultat
Percentile par nombre de réponses
Votre historique - résultats
Vous n’avez pas pris ce quiz